Memoria anual 1994.
Guardado en:
| Autor Corporativo: | |
|---|---|
| Formato: | Libro |
| Idioma: | Spanish |
| Publicado: |
Bahía Blanca :
INMABB-CONICET, Universidad Nacional del Sur,
1994.
|
| Etiquetas: |
Agregar Etiqueta
Sin Etiquetas, Sea el primero en etiquetar este registro!
|
| LEADER | 00447nam a22001335a 4500 | ||
|---|---|---|---|
| 001 | EEA.libagro005267 | ||
| 005 | 20180920100455.0 | ||
| 008 | 130809s1994####ag#a##########000#0#spa#d | ||
| 082 | 0 | 4 | |a 510.72 |
| 245 | 1 | 0 | |a Memoria anual 1994. |
| 260 | |a Bahía Blanca : |b INMABB-CONICET, Universidad Nacional del Sur, |c 1994. | ||
| 300 | |a 19 h. : |b il. ; |c 28 cm. | ||
| 710 | 2 | |a Instituto de Matemática de Bahía Blanca. | |
| 859 | |a AR-BbBCA |b BIB. AGRONOMIA |h 510.72 |i B151 |p 1996/2540 | ||
